Little Mix albums and songs - Statistics

General Stats
  • This quiz has been taken 35 times
  • The average score is 56 of 114
Answer Stats
Clue Answer % Correct
1st Album - Song 2 | 1st Album - Title DNA
100%
1st Album - Bonus Track 4 DNA (Unplugged)
100%
1st Album - Song 1 Wings
96%
4th Album - Song 1 Shout Out To My Ex
87%
1st Album - Song 3 Change Your Life
83%
2nd Album - Song 1 | 2nd Album - Title Salute
83%
4th Album - Song 2 Touch
83%
4th Album - Bonus Track 3 Touch (Acoustic)
83%
6th Album - Song 4 | 6th Album - Title Confetti
78%
3rd Album - Title Get Weird
78%
2nd Album - Song 2 Move
78%
3rd Album - Song 1 Black Magic
74%
4th Album - Title Glory Days
74%
5th Album - Title LM5
74%
Greatest Hits Album - New song 1 No
74%
4th Album - Song 7 Power
74%
3rd Album - Song 5 Hair
70%
1st Album - Song 9 How Ya Doin'?
70%
5th Album - Song 2 Woman Like Me
70%
2nd Album - Song 3 Little Me
65%
2nd Album - Bonus Track 4 Little Me (Unplugged)
65%
3rd Album - Song 4 Secret Love Song
65%
6th Album - Song 3 Sweet Melody
61%
2nd Album - Song 5 Towers
61%
5th Album - Song 10 Wasabi
61%
3rd Album - Song 10 ADIDAS
57%
6th Album - Bonus Track 2 Bounce Back
57%
4th Album - Song 3 FU
57%
6th Album - Song 2 Holiday
57%
3rd Album - Song 2 Love Me Like You
57%
1st Album - Song 12 Madhouse
57%
4th Album - Song 4 Oops
57%
3rd Album - Song 12 The End
57%
2nd Album - Song 7 These Four Walls
57%
4th Album - Song 5 You Gotta Not
57%
6th Album - Song 1 Break Up Song
52%
4th Album - Song 6 Down & Dirty
52%
3rd Album - Song 9 Lightning
52%
4th Album - Song 12 Nothing Else Matters
52%
5th Album - Song 4 Strip
52%
5th Album - Song 1 The National Manthem
52%
5th Album - Song 3 Think About Us
52%
Sport Relief charity single Word Up!
52%
2nd Album - Song 8 About The Boy
48%
1st Album - Song 4 Always Be Together
48%
Greatest Hits Album - New song 2 | Greatest Hits Album - Title Between Us
48%
X-Factor winners single Cannonball
48%
5th Album - Song 11 More Than Words
48%
4th Album - Song 10 No More Sad Songs
48%
5th Album - Bonus Track 4 Only You
48%
4th Album - Song 11 Private Show
48%
1st Album - Song 5 Stereo Soldier
48%
3rd Album - Bonus Track 4 The Beginning
48%
5th Album - Song 14 The Cure
48%
3rd Album - Song 3 Weird People
48%
4th Album - Bonus Track 1 Beep Beep
43%
2nd Album - Song 9 Boy
43%
2nd Album - Song 6 Competition
43%
5th Album - Bonus Track 1 Forget You Not
43%
6th Album - Song 8 Gloves Up
43%
1st Album - Song 11 Going Nowhere
43%
3rd Album - Song 7 I Love You
43%
5th Album - Song 6 Joan of Arc
43%
5th Album - Song 12 Motivate
43%
5th Album - Song 13 Notice
43%
3rd Album - Song 8 OMG
43%
3rd Album - Bonus Track 2 Secret Love Song Pt. II
43%
1st Album - Song 8 We Are Who We Are
43%
5th Album - Bonus Track 2 Woman's World
43%
5th Album - Song 8 American Boy
39%
3rd Album - Bonus Track 3 Clued Up
39%
4th Album - Bonus Track 2 Freak
39%
2nd Album - Song 10 Good Enough
39%
3rd Album - Song 11 Love Me or Leave Me
39%
Greatest Hits Album - New song 3 Love (Sweet Love)
39%
6th Album - Song 11 Rendezvous
39%
5th Album - Bonus Track 3 The Cure (Stripped)
39%
5th Album - Song 9 Told You So
39%
1st Album - Bonus Track 3 Case Closed
35%
3rd Album - Song 6 Grown
35%
6th Album - Song 5 Happiness
35%
3rd Album - Bonus Track 1 I Won't
35%
1st Album - Bonus Track 1 Love Drunk
35%
5th Album - Song 5 Monster In Me
35%
4th Album - Song 9 Nobody Like You
35%
1st Album - Song 6 Pretend It's Ok
35%
1st Album - Song 7 Turn Your Face
35%
4th Album - Song 8 Your Love
35%
2nd Album - Song 12 A Different Beat
30%
6th Album - Song 9 A Mess (Happy 4 You)
30%
6th Album - Song 13 Breathe
30%
Greatest Hits Album - New song 4 Cut You Off
30%
6th Album - Song 12 If You Want My Love
30%
1st Album - Bonus Track 2 Make You Believe
30%
2nd Album - Song 11 Mr Loverboy
30%
6th Album - Song 6 Not a Pop Song
30%
6th Album - Song 7 Nothing But My Feelings
30%
2nd Album - Bonus Track 3 Stand Down
30%
2nd Album - Bonus Track 2 They Just Don't Know You
30%
Greatest Hits Album - New song 5 Trash
30%
5th Album - Song 7 Love a Girl Right
26%
6th Album - Song 10 My Love Won't Let You Down
26%
6th Album - Bonus Track 3 One I've Been Missing
26%
2nd Album - Bonus Track 1 See Me Now
26%
6th Album - Bonus Track 1 No Time for Tears
22%
Song with Tal Une Autre Personne
22%
Song with Flower Dreamin' Together
17%
1st Album - Song 10 Red Plant
13%
X-Factor finalists 2011 with JLS and One Direction Wishing on a Star
13%
2nd Album - Song 4 Nothings Feels Like You
9%
No matching quizzes found
Score Distribution
Percent of People with Each Score
Percentile by Number Answered
Your Score History
You have not taken this quiz